| 000 | 01609cam a22004574i 4500 | ||
|---|---|---|---|
| 003 | PE-LiUPU | ||
| 005 | 20250731173017.0 | ||
| 008 | 150623s1995 gau rb 000 0 eng d | ||
| 020 | _a1573120200 | ||
| 035 | _a(Sirsi) i9781573120203 | ||
| 040 |
_aPE-LiUPU _bspa _cPE-LiUPU _erda |
||
| 049 | _aPRUA | ||
| 082 | 0 | 4 |
_a224.8007 _bB16 _221 |
| 100 | 1 |
_aBaker, Robert G., _eautor. |
|
| 245 | 1 | 0 |
_aAmos doing what is right : _ba study guide / _cRobert G. Baker. |
| 264 | 1 |
_aMacon, Georgia : _bSmyth and Helwys Publishing, Inc., _c1995. |
|
| 300 |
_a137 páginas ; _c23 centímetros |
||
| 336 |
_atext _2rdacontent |
||
| 337 |
_aunmediated _2rdamedia |
||
| 338 |
_avolume _2rdacarrier |
||
| 504 | _aIncluye bibliografía. | ||
| 505 | 0 | _aA sermon against surrounding nations -- Hear this word sermonettes against Israel -- Visions of judment a clash over authority. | |
| 526 | _aSEG42 | ||
| 526 | _aSEG41 | ||
| 526 | _aSEG40 | ||
| 526 | _aSEG39 | ||
| 526 | _aP94 | ||
| 526 | _aP87 | ||
| 526 | _aP86 | ||
| 526 | _aP85 | ||
| 526 | _aP77 | ||
| 526 | _aP76 | ||
| 526 | _aP35 | ||
| 630 | 0 | 4 |
_aBiblia. _pA.T. _pAmós _xEstudio y enseñanza. |
| 942 |
_2ddc _cBOOK |
||
| 949 |
_a224.8007 B16 _wDEWEY _c1 _i47331 _lCCODEBUL1 _mBUL _r0 _sY _tBOOK _u2015-6-24 _xTEOLOGIA _PP35 _0COMPRA _o.STAFF. Colección Teología |
||
| 994 |
_aC0 _bPEPRU |
||
| 596 | _a1 | ||
| 999 |
_a224.8007 B16 _wDEWEY _c23882 _i47331 _d23882 _f2021-11-11 _g5 _lCCODEBUL1 _mBUL _p15.00 _q1 _r0 _sY _tBOOK _u2015-6-24 _xTEOLOGIA _PP35 _0COMPRA _o.STAFF. Colección Teología |
||
| 980 |
_81 _gALBERTO SANCHEZ Responsable de Automatización |
||